Statistiken für Liedtext - Cello - Udo Lindenberg

Klicken Sie hier um das Quiz zu spielen!

Allgemein

  • Dieses Quiz wurde 518 mal gespielt
  • Das Durchschnittsergebnis liegt bei 150 aus 190

Antwortstatistiken

Textquiz% Korrekt
Cello
99%
Ich
98%
ich
98%
spiel
98%
du
95%
Du
95%
'm
94%
Und
94%
und
94%
der
93%
in
93%
im
92%
da
91%
immer
91%
Immer
91%
so
91%
spieltest
90%
ersten
89%
Reihe
89%
war
86%
saß
85%
wie
84%
an
83%
dich
83%
mich
83%
eine
82%
für
82%
warst
82%
dann
81%
fand
80%
Gegend
80%
erregend
79%
man
79%
Das
78%
das
78%
unserer
78%
Göttin
77%
Oh
77%
dir
76%
wieder
76%
bin
75%
dachte
74%
jedem
74%
Mann
74%
oder
74%
sahst
74%
Keller
73%
mit
73%
völlig
73%
fertig
72%
schön
72%
dein
71%
Bahn
70%
hab'
70%
hinterher
70%
früher
69%
gefahren
69%
nicht
69%
steht
69%
von
69%
kein
67%
manchmal
67%
Saal
67%
schwarz
67%
wenn
67%
Konzert
66%
geträumt
65%
heute
65%
damals
64%
irgendwie
64%
doch
63%
konnte
63%
Moped
63%
Nachts
63%
schlafen
63%
versäumt
63%
Wir
63%
wohnst
63%
Nein
61%
ja
60%
Ja
60%
nochmal
60%
hat
59%
Ding
58%
kann
58%
aus
57%
Getrampt
56%
überzeugt
56%
gar
54%
Komm
54%
pack
54%
zusammen
54%
bleiben
53%
beschreiben
52%
ständig
52%
groß
51%
wollten
51%
überhaupt
45%
irgendwo
35%

Verteilung der Resultate

Perzentil nach korrekt beantworteten Fragen

Anzahl Personen mit jedem Resultat

Ihre Resultats-Entwicklung

Sie haben dieses Quiz noch nicht gespielt